000 00264nam a22001097a 4500
008 170126b xxu||||| |||| 00| 0 eng d
020 _a0827350104
041 _aeng
080 _24TH
_a61
245 _aINTRODUCTION TO HEALTH SERVICES
_cWILLIAMS, S.J
942 _2udc
_cBK
999 _c3769
_d3769